000 00618nam a2200169Ia 4500
008 100122s9999 xx 000 0 und d
082 _b43464
_a181.4
100 _aओशो
245 _aआनंदाचे डोही आनंद तरंग (RC )
260 _bजीवन जागृती केंद्र प्रकाशन
_c1989
300 _a138
520 _aRC = Replace Copy
620 _aRC = Replace Copy
630 _aआनंदाचे डोही आनंद तरंग (RC )
730 _aआनंदाचे डोही आनंद तरंग (RC )
942 _cBOOK
999 _c423500
_d423497